|
|
|
|
| LEADER |
01676nam a2200277 a 4500 |
| 001 |
00025562 |
| 008 |
120604s2012 bg 000 1 ben d |
| 999 |
|
|
|c 12476
|d 12476
|
| 040 |
|
|
|a BD-DhAAL
|c BD-DhAAL
|
| 041 |
0 |
|
|a ben
|
| 082 |
0 |
0 |
|a 370.1
|2 22
|
| 100 |
1 |
|
|a ফ্রেইরে, পাওলো
|9 24100
|
| 245 |
1 |
0 |
|a অত্যাচারিতের শিক্ষা /
|c পাওলো ফ্রেইরে, অনুবাদ আমিনুল ইসলাম ভুইয়া
|
| 260 |
|
|
|a ঢাকা :
|b জ্ঞান বিচিত্রা,
|c ২০০৮
|
| 300 |
|
|
|a ১২৭ পৃ. ;
|c ২২ সে.মি.
|
| 500 |
|
|
|a Attyachriter Shiksha Bengali translation of Pedagogy of the oppressedby Paulo Freire.
|
| 541 |
1 |
|
|e 00025562
|
| 650 |
|
0 |
|a Education
|x Philosophy.
|9 24101
|
| 650 |
|
0 |
|a Liberty
|9 24102
|
| 700 |
1 |
|
|a ভুইয়া, আমিনুল ইসলাম
|9 24103
|
| 852 |
1 |
|
|a Ayesha Abed Library
|j General shelf
|
| 942 |
|
|
|2 ddc
|c BK
|
| 952 |
|
|
|0 0
|1 0
|4 0
|6 370_100000000000000_FRE
|7 0
|9 20631
|a BRACUL
|b BRACUL
|c GEN
|d 2012-07-04
|l 4
|m 120
|o 370.1 FRE
|p 3010025562
|r 2019-03-24
|s 2018-08-19
|t 1
|w 2012-07-04
|y BK
|
| 952 |
|
|
|0 0
|1 0
|2 ddc
|4 0
|6 370_100000000000000_FRE
|7 0
|9 20632
|a BRACUL
|b BRACUL
|c GEN
|d 2012-07-04
|l 2
|m 4
|o 370.1 FRE
|p 3010025563
|r 2018-07-22
|s 2018-07-04
|t 2
|w 2012-07-04
|y BK
|
| 952 |
|
|
|0 0
|1 0
|2 ddc
|4 0
|6 370_100000000000000_FRE
|7 0
|9 62068
|a BRACUL
|b BRACUL
|c GEN
|d 2012-07-04
|e Complementary copy
|l 1
|o 370.1 FRE
|p 3010032411
|r 2025-10-07
|s 2025-09-20
|t 3
|w 2012-07-04
|y BK
|
| 952 |
|
|
|0 0
|1 0
|2 ddc
|4 0
|6 370_100000000000000_FRE
|7 0
|9 62069
|a BRACUL
|b BRACUL
|c GEN
|d 2012-07-04
|e Complementary copy
|l 2
|m 3
|o 370.1 FRE
|p 3010032412
|r 2022-10-19
|s 2022-10-12
|t 4
|w 2012-07-04
|y BK
|